Obálka Náhled e-knihy:
PDF Epub
Pro půjčování e-knih musíte být přihlášeni.
Jak si půjčit online?

Ťažký stav beztiaže /

Ema je obyčajná mladá žena, ktorá v detstve zažila obrovskú traumu – domáce násilie. Napriek tomu sa usiluje viesť normálny život. Vzťahom sa však radšej vyhýba, nechce dopadnúť ako jej matka. Toto predsavzatie naruší Marek, ktorý jej život obráti naruby. Počiatočná obojstranná antipatia sa aj vďaka...

Celý popis

Uloženo v:
Hlavní autor: Metisová, Anna (Autor)
Médium: E-kniha
Jazyk:Czech
Vydáno: Praha : Albatros Media Slovakia s.r.o., 2025
Tagy:
Žádné tagy
LEADER 01539nam a22002297i 4500
001 303216
007 ta
008 260518s2025 xr ||||| |||| 00| 0 cze d
020 |a 9788056644263 
044 |a xr 
100 1 |a  Metisová, Anna  |4 aut 
245 1 0 |a Ťažký stav beztiaže /  |c  Metisová, Anna 
264 1 |a Praha :  |b Albatros Media Slovakia s.r.o.,  |c 2025 
300 |a 1 online zdroj (368 stran) 
336 |a text  |b txt  |2 rdacontent 
337 |a bez média  |b n  |2 rdamedia 
338 |a online zdroj  |b cr  |2 rdacarrier 
520 2 |a Ema je obyčajná mladá žena, ktorá v detstve zažila obrovskú traumu – domáce násilie. Napriek tomu sa usiluje viesť normálny život. Vzťahom sa však radšej vyhýba, nechce dopadnúť ako jej matka. Toto predsavzatie naruší Marek, ktorý jej život obráti naruby. Počiatočná obojstranná antipatia sa aj vďaka podobným záľubám postupne vytráca. Marek arogantnými spôsobmi zakrýva zraniteľnosť prameniacu v detstve. Dokáže Ema potlačiť vlastné inštinkty, vrhnúť sa do nového vzťahu a vykročiť zo začarovaného kruhu? 
910 |a RBIT002 
998 |d 426888  |a https://core.palmknihy.cz/api/books/426888/cover?tesghb  |b https://core.palmknihy.cz/api/books/426888/cover/400?tesghb  |c https://core.palmknihy.cz/api/books/426888/cover/50?tesghb  |e 2036-12-31  |g 368  |i 9788056644263  |j https://core.palmknihy.cz/api/books/426888/preview.epub  |k https://core.palmknihy.cz/api/books/426888/preview.pdf  |l   |q 49  |r 1  |s https://www.palmknihy.cz/kniha/426888  |t ebook  |y 2025  |z 1 
999 |d 303214